00285nam a2200109Ia 4500008004100000020001800041041000800059100001400067245003800081260004900119300000700168230822s1999 xx 000 0 und d a1 85029 574 3 aeng aPARIKH A. aMAKING THE MOST OF SMALL SPACES . bCONRON OCTOPUS LIMITED LONDON WC2 9 HNc1999 a80